| 000 | 01031nam a2200313Ia 4500 | ||
|---|---|---|---|
| 003 | OSt | ||
| 005 | 20221007123614.0 | ||
| 006 | a|||||r|||| 00| 0 | ||
| 007 | ta | ||
| 008 | 221006b |||||||| |||| 00| 0 eng d | ||
| 020 | _a9783527406388 (pbk) | ||
| 024 | _a76992 | ||
| 037 |
_b1768, 08/03/2007, Unilib Book Distributors _cTextbook |
||
| 040 |
_aPAPL _cPAPL _beng |
||
| 041 |
_2eng _aeng |
||
| 082 | _aC21:(D)0aD65, P7 Carpa | ||
| 100 |
_aHeinzel Thomas _9714231 |
||
| 245 | 0 | _aMesoscopic electronics in soilds state nanostructures | |
| 250 | _aRev 2 | ||
| 260 |
_aWeinheim _bWILEY-VCH Verlag Gmbh _c2007 |
||
| 300 |
_axv, 395p. _ccm. |
||
| 490 | _aPhysics textbook | ||
| 500 | _aBibliographical references 383-391p.; Index 393-395p. | ||
| 650 |
_a Mesoscopic electronics _9714232 |
||
| 650 |
_a Nanostructure _9717017 |
||
| 650 | _aPhysics | ||
| 942 |
_hC21:(D)0aD65, P7 Carpa _cTB _2CC |
||
| 999 |
_c1212187 _d1212187 |
||